Multimedia for decision makers : a business primer

Bibliographic Details
Main Author: Burger, Jeff , 1949- (Author)
Format: Book
Published: Reading, Mass. : Addison-Wesley , c1995
Subjects:

MARC

LEADER 00000cam a2200000 7i4500
001 0000020003
005 20161108093000.0
008 021119s1995
020 |a 0201408368 
090 0 0 |a HD30.213   |b .B868 1994 
100 0 |a Burger, Jeff ,   |d 1949- ,   |e author 
245 0 0 |a Multimedia for decision makers :   |b a business primer   |c Jeff Burger 
260 2 |a Reading, Mass. :   |b Addison-Wesley ,   |c c1995 
300 |a 166 p. ; ;   |c 24 cm. 
504 |a Includes index 
650 0 |a Decision support systems 
650 0 |a Interactive multimedia 
650 0 |a Management information systems 
650 0 |a Multimedia systems 
999 |a 1000013954   |b Book   |c OPEN SHELF (30 DAYS)   |e Gong Badak Campus